000 01007nam a2200265Ia 4500
003 OSt
005 20220923221121.0
006 a|||||r|||| 00| 0
007 ta
008 220922b |||||||| |||| 00| 0 hin d
024 _a195,360
037 _cTextual
040 _aARTS
_cARTS
_bhin
041 _2hin
_ahin
082 _aR3xK32,1, 152K4
100 _aस्पिनौजा, बैरूक; नीति दीवानचन्द, अनु.
_9165103
245 0 _aस्पिनोजा
_b नीति
246 _aSpinojā: nīti
260 _aउतर प्रदेश
_b हिन्दी समिति प्र0
_c1964
300 _a268पृ.
_ccm.
490 _aहिन्दी समीति ग्रन्थमाला,62
650 _aभारतीय दर्शन
942 _hR3xK32,1, 152K4
_cTEXL
_2CC
999 _c347570
_d347570